000
00280nam a2200109Ia 4500
008
190216s9999||||xx |||||||||||||| ||und||
100
_a
Kendriya Hindi Nirdeshalay
245
0
_a
Hindi-Bhasha 1967-September And December
260
_b
Bharath Sarkar
650
_a
Hindi
942
_c
BK
999
_c
15362
_d
15362